1M Cities "Hangman" - Randomized - Statistics

General Stats
  • This quiz has been taken 1,737 times
  • The average score is 4 of 7
Answer Stats
Spelling % Correct
A
100%
A
100%
A
100%
A
100%
A
100%
A
100%
A
100%
A
100%
A
100%
A
100%
A
100%
A
100%
A
100%
A
100%
A
100%
A
100%
A
100%
A
100%
A
100%
A
100%
A
100%
A
100%
A
100%
A
100%
A
100%
A
100%
A
100%
A
100%
A
100%
A
100%
A
100%
A
100%
A
100%
A
100%
A
100%
A
100%
A
100%
A
100%
A
100%
A
100%
A
100%
A
100%
A
100%
A
100%
A
100%
A
100%
A
100%
A
100%
A
100%
A
100%
A
100%
A
100%
A
100%
A
100%
A
100%
A
100%
A
100%
A
100%
A
100%
A
100%
A
100%
A
100%
A
100%
A
100%
A
100%
A
100%
A
100%
A
100%
A
100%
A
100%
A
100%
A
100%
A
100%
A
100%
A
100%
A
100%
A
100%
A
100%
A
100%
A
100%
A
100%
A
100%
A
100%
A
100%
A
100%
A
100%
A
100%
A
100%
A
100%
A
100%
A
100%
A
100%
A
100%
A
100%
A
100%
A
100%
A
100%
A
100%
A
100%
A
100%
A
100%
A
100%
A
100%
A
100%
A
100%
A
100%
A
100%
A
100%
A
100%
D
100%
D
100%
E
100%
E
100%
E
100%
E
100%
E
100%
E
100%
E
100%
E
100%
E
100%
E
100%
E
100%
E
100%
E
100%
E
100%
E
100%
E
100%
E
100%
E
100%
E
100%
G
100%
G
100%
H
100%
H
100%
H
100%
I
100%
I
100%
I
100%
I
100%
I
100%
I
100%
I
100%
I
100%
I
100%
I
100%
I
100%
I
100%
I
100%
I
100%
I
100%
I
100%
I
100%
I
100%
I
100%
I
100%
I
100%
J
100%
K
100%
L
100%
L
100%
L
100%
M
100%
M
100%
M
100%
M
100%
M
100%
N
100%
N
100%
N
100%
N
100%
N
100%
N
100%
N
100%
N
100%
N
100%
N
100%
N
100%
N
100%
N
100%
N
100%
N
100%
N
100%
N
100%
N
100%
N
100%
N
100%
O
100%
O
100%
O
100%
O
100%
O
100%
O
100%
O
100%
O
100%
O
100%
O
100%
O
100%
O
100%
O
100%
O
100%
O
100%
O
100%
O
100%
O
100%
O
100%
O
100%
O
100%
O
100%
O
100%
O
100%
O
100%
O
100%
O
100%
O
100%
O
100%
O
100%
O
100%
P
100%
P
100%
R
100%
R
100%
R
100%
R
100%
R
100%
S
100%
S
100%
S
100%
S
100%
T
100%
T
100%
T
100%
U
100%
U
100%
U
100%
A
92%
A
92%
E
92%
I
92%
I
92%
N
92%
O
91%
O
91%
B
90%
O
90%
A
89%
A
89%
I
88%
L
88%
S
88%
S
88%
T
88%
A
86%
A
86%
A
86%
A
86%
E
86%
E
86%
G
86%
I
86%
L
86%
N
86%
N
86%
N
86%
N
86%
N
86%
N
86%
O
86%
O
86%
O
86%
R
86%
S
86%
A
83%
A
83%
A
83%
A
83%
A
83%
A
83%
B
83%
B
83%
C
83%
E
83%
E
83%
E
83%
E
83%
H
83%
H
83%
I
83%
L
83%
L
83%
L
83%
L
83%
M
83%
M
83%
N
83%
N
83%
O
83%
O
83%
O
83%
O
83%
O
83%
P
83%
R
83%
R
83%
T
83%
T
83%
X
83%
I
82%
I
82%
N
82%
O
82%
S
82%
C
80%
D
80%
I
80%
I
80%
L
80%
L
80%
L
80%
M
80%
O
80%
O
80%
O
80%
O
80%
O
80%
O
80%
R
80%
R
80%
R
80%
R
80%
S
80%
S
80%
T
80%
T
80%
T
80%
U
80%
U
80%
E
78%
E
78%
I
78%
I
78%
N
78%
N
78%
N
78%
N
78%
A
75%
A
75%
A
75%
A
75%
A
75%
B
75%
C
75%
C
75%
D
75%
E
75%
E
75%
E
75%
E
75%
E
75%
G
75%
H
75%
I
75%
I
75%
I
75%
I
75%
I
75%
I
75%
I
75%
I
75%
I
75%
J
75%
L
75%
N
75%
N
75%
N
75%
N
75%
N
75%
N
75%
N
75%
N
75%
N
75%
N
75%
P
75%
P
75%
R
75%
R
75%
S
75%
T
75%
T
75%
T
75%
U
75%
U
75%
U
75%
U
75%
B
73%
R
73%
I
71%
I
71%
I
71%
I
71%
L
71%
N
71%
N
71%
N
71%
N
71%
O
71%
O
71%
S
71%
S
71%
T
71%
I
69%
I
69%
N
69%
A
67%
A
67%
B
67%
C
67%
E
67%
E
67%
G
67%
I
67%
I
67%
I
67%
I
67%
I
67%
J
67%
J
67%
K
67%
K
67%
L
67%
L
67%
L
67%
M
67%
M
67%
N
67%
N
67%
N
67%
N
67%
N
67%
N
67%
N
67%
N
67%
O
67%
O
67%
O
67%
O
67%
O
67%
O
67%
O
67%
O
67%
O
67%
O
67%
R
67%
R
67%
R
67%
R
67%
R
67%
S
67%
S
67%
S
67%
S
67%
T
67%
T
67%
T
67%
T
67%
T
67%
T
67%
T
67%
X
67%
Y
67%
Y
67%
H
64%
N
64%
T
64%
U
64%
B
63%
C
63%
H
63%
N
63%
O
63%
O
63%
R
63%
O
62%
C
60%
E
60%
I
60%
I
60%
I
60%
I
60%
I
60%
L
60%
L
60%
L
60%
M
60%
M
60%
N
60%
N
60%
N
60%
O
60%
O
60%
O
60%
R
60%
T
60%
U
60%
B
57%
D
57%
G
57%
H
57%
H
57%
I
57%
I
57%
I
57%
L
57%
M
57%
M
57%
M
57%
M
57%
N
57%
N
57%
N
57%
N
57%
N
57%
N
57%
O
57%
T
57%
U
57%
N
56%
O
56%
O
56%
O
56%
L
55%
U
55%
B
50%
C
50%
C
50%
C
50%
C
50%
D
50%
D
50%
F
50%
F
50%
G
50%
G
50%
G
50%
G
50%
G
50%
G
50%
I
50%
I
50%
I
50%
I
50%
I
50%
K
50%
L
50%
L
50%
N
50%
N
50%
N
50%
N
50%
N
50%
N
50%
N
50%
N
50%
N
50%
N
50%
N
50%
N
50%
O
50%
P
50%
P
50%
R
50%
R
50%
R
50%
R
50%
S
50%
S
50%
S
50%
S
50%
S
50%
S
50%
T
50%
T
50%
U
50%
U
50%
U
50%
U
50%
U
50%
U
50%
V
50%
W
50%
H
44%
R
44%
U
44%
B
43%
C
43%
G
43%
G
43%
G
43%
H
43%
H
43%
H
43%
K
43%
K
43%
N
43%
N
43%
N
43%
R
43%
S
43%
T
43%
U
43%
U
43%
U
43%
U
43%
B
40%
D
40%
G
40%
H
40%
K
40%
K
40%
L
40%
N
40%
P
40%
R
40%
R
40%
R
40%
T
40%
U
40%
U
40%
Y
40%
Y
38%
G
36%
B
33%
C
33%
C
33%
C
33%
D
33%
D
33%
E
33%
E
33%
F
33%
F
33%
G
33%
G
33%
G
33%
H
33%
H
33%
H
33%
I
33%
J
33%
J
33%
K
33%
K
33%
K
33%
L
33%
N
33%
N
33%
N
33%
T
33%
U
33%
U
33%
U
33%
U
33%
U
33%
Y
33%
Y
33%
Y
33%
G
31%
B
29%
C
29%
D
29%
D
29%
G
29%
G
29%
G
29%
G
29%
H
29%
I
29%
K
29%
K
29%
U
29%
Y
27%
B
25%
D
25%
G
25%
G
25%
G
25%
G
25%
G
25%
H
25%
H
25%
H
25%
H
25%
J
25%
K
25%
L
25%
L
25%
L
25%
R
25%
R
25%
T
25%
U
25%
V
25%
W
25%
Y
25%
U
22%
U
22%
V
22%
B
20%
C
20%
C
20%
C
20%
H
20%
H
20%
U
20%
U
20%
U
20%
V
20%
Z
20%
Z
20%
C
17%
C
17%
D
17%
G
17%
G
17%
G
17%
G
17%
N
17%
P
17%
U
17%
U
17%
W
17%
Z
17%
C
14%
D
14%
D
14%
F
14%
F
14%
F
14%
G
14%
G
14%
G
14%
H
14%
K
14%
K
14%
R
14%
U
14%
Y
14%
Y
14%
Z
13%
G
11%
H
11%
J
11%
W
11%
Z
11%
B
0%
B
0%
C
0%
D
0%
D
0%
D
0%
D
0%
D
0%
G
0%
G
0%
G
0%
G
0%
G
0%
G
0%
G
0%
G
0%
G
0%
G
0%
G
0%
G
0%
H
0%
H
0%
H
0%
H
0%
H
0%
H
0%
H
0%
H
0%
H
0%
H
0%
H
0%
H
0%
H
0%
H
0%
J
0%
J
0%
J
0%
J
0%
K
0%
K
0%
K
0%
K
0%
K
0%
K
0%
L
0%
L
0%
M
0%
M
0%
Q
0%
Q
0%
Q
0%
R
0%
R
0%
T
0%
U
0%
U
0%
U
0%
V
0%
V
0%
W
0%
W
0%
W
0%
W
0%
X
0%
X
0%
X
0%
Y
0%
Y
0%
Y
0%
Y
0%
Y
0%
Y
0%
Y
0%
Z
0%
Z
0%
Z
0%
Z
0%
Z
0%
Z
0%
Z
0%
No matching quizzes found
Score Distribution
Percent of People with Each Score
Percentile by Number Answered
Your Score History
You have not taken this quiz